Matemática 7: enseñanza básica
Guardat en:
| Autors principals: | , , |
|---|---|
| Format: | Llibre |
| Idioma: | espanyol |
| Publicat: |
Madrid
Santillana
2000
|
| Matèries: | |
| Etiquetes: |
Afegir etiqueta
Sense etiquetes, Sigues el primer a etiquetar aquest registre!
|
MARC
| LEADER | 00000nam a2200000 a 4500 | ||
|---|---|---|---|
| 001 | UCL2764 | ||
| 003 | CL-VaPUC | ||
| 008 | 031107e20000000sp |||||||||||||||||spa|d | ||
| 082 | 0 | 4 | |a 372.7 |b RIO |2 21 |
| 100 | 0 | |a Río Reyes, Celia Magdalena del |e author |9 479862 | |
| 700 | 0 | |a Orezzoli Silva, Isabel |e author |9 479863 | |
| 700 | 0 | |a Vergara Bize, Cristián Eugenio |e author |9 479864 | |
| 245 | 1 | 0 | |a Matemática 7: enseñanza básica |
| 300 | |a pág. irreg | ||
| 942 | |c BK | ||
| 945 | |d 20031107 00:00:00 |a vberengu | ||
| 260 | |a Madrid |b Santillana |c 2000 | ||
| 500 | |a Incluye además un Cuaderno de Actividades | ||
| 650 | 0 | |a Matemáticas |x Enseñanza |9 875527 | |
| 650 | 0 | |a Educación básica |9 224933 | |
| 583 | |a last modification |c 20171212 06:08:32 |k Rodrigo Vera | ||
| 999 | |c 305957 |d 305955 | ||